[Event "American Continental 19th"]
[Site "Foz do Iguacu"]
[Date "2025.05.29"]
[Round "9"]
[White "Arias Diaz, Javier Alonso"]
[Black "Deretti, Lucas Jurk"]
[Result "1/2-1/2"]
[WhiteElo "1962"]
[BlackElo "1862"]
[PlyCount "41"]
[EventDate "2025.05.23"]
[EventType "swiss"]
[EventRounds "11"]
[EventCountry "BRA"]
[SourceTitle "CB23_2025"]
[SourceDate "2025.06.04"]
[SourceVersion "1"]
[SourceVersionDate "2025.06.04"]
[SourceQuality "1"]

1. d4 Nf6 2. c4 g6 3. Nc3 Bg7 4. e4 d6 5. Nge2 0-0 6. Ng3 e5 7. d5 a5 8. Be2 Na6 9. h4 Nc5 10. h5 Bd7 11. Be3 c6 12. f3 cxd5 13. cxd5 a4 14. Qd2 Qa5 15. Bh6 a3 16. Bxg7 Kxg7 17. b3 Rfc8 18. Rc1 Nxb3 19. axb3 a2 20. h6+ Kf8 21. 0-0 1/2-1/2

[Event "American Continental 19th"]
[Site "Foz do Iguacu"]
[Date "2025.05.24"]
[Round "2"]
[White "Deretti, Lucas Jurk"]
[Black "Reyes Zavaleta, Cristhian Yamil"]
[Result "1/2-1/2"]
[WhiteElo "1862"]
[BlackElo "2073"]
[PlyCount "92"]
[EventDate "2025.05.23"]
[EventType "swiss"]
[EventRounds "11"]
[EventCountry "BRA"]
[SourceTitle "CB23_2025"]
[SourceDate "2025.06.04"]
[SourceVersion "1"]
[SourceVersionDate "2025.06.04"]
[SourceQuality "1"]

1. e4 e6 2. d4 d5 3. Nd2 c5 4. Ngf3 cxd4 5. Nxd4 Nf6 6. exd5 Qxd5 7. Nb5 Na6 8. Nc3 Qe5+ 9. Be2 Bb4 10. Ncb1 0-0 11. c3 Be7 12. Nf3 Qc7 13. Bg5 Rd8 14. Nbd2 Nc5 15. Qc2 b6 16. Nd4 Bb7 17. 0-0 Rac8 18. a4 Ng4 19. Bxg4 Bxg5 20. Rfd1 Qf4 21. Bf3 Ba6 22. g3 Qc7 23. Ne4 Be7 24. Nxc5 bxc5 25. Nb5 Qb6 26. c4 Bf6 27. Rxd8+ Rxd8 28. Rd1 Rxd1+ 29. Qxd1 Bxb5 30. axb5 Bxb2 31. Qd7 g6 32. h4 h5 33. g4 Bd4 34. gxh5 Qa5 35. Qe8+ Kg7 36. h6+ Kxh6 37. Qf8+ Bg7 38. Qxf7 Qa1+ 39. Kg2 Qf6 40. Qxa7 Qxh4 41. Qxc5 Bd4 42. Qf8+ Kh7 43. Qf7+ Kh6 44. Bc6 Qg4+ 45. Kf1 Qd1+ 46. Kg2 Qg4+ 1/2-1/2

[Event "American Continental 19th"]
[Site "Foz do Iguacu"]
[Date "2025.05.23"]
[Round "1"]
[White "Pierrot, Juan Facundo"]
[Black "Deretti, Lucas Jurk"]
[Result "1-0"]
[WhiteElo "2253"]
[BlackElo "1862"]
[PlyCount "51"]
[EventDate "2025.05.23"]
[EventType "swiss"]
[EventRounds "11"]
[EventCountry "BRA"]
[SourceTitle "CB23_2025"]
[SourceDate "2025.06.04"]
[SourceVersion "1"]
[SourceVersionDate "2025.06.04"]
[SourceQuality "1"]

1. d4 Nf6 2. c4 g6 3. Nc3 Bg7 4. Nf3 0-0 5. g3 d5 6. cxd5 Nxd5 7. Bg2 c5 8. 0-0 Nxc3 9. bxc3 e5 10. Nxe5 Qa5 11. Qb3 Bxe5 12. dxe5 Nc6 13. Bh6 Re8 14. f4 Qc7 15. Qb5 Bd7 16. Qxc5 b6 17. Qf2 Rac8 18. g4 Be6 19. Qh4 Qe7 20. Bg5 Qf8 21. Bf6 h6 22. Rf3 Kh7 23. Rd1 Bxa2 24. f5 Qc5+ 25. Kh1 Nxe5 26. Qxh6+ 1-0

[Event "Florianopolis op 11th"]
[Site "Florianopolis"]
[Date "2025.01.26"]
[Round "10"]
[White "Deretti, Lucas Jurk"]
[Black "Pironti, Francisco Ferrari"]
[Result "0-1"]
[WhiteElo "1846"]
[BlackElo "2020"]
[PlyCount "72"]
[EventDate "2025.01.18"]
[EventType "swiss"]
[EventRounds "10"]
[EventCountry "BRA"]
[SourceTitle "CB05_2025"]
[SourceDate "2025.01.29"]
[SourceVersion "1"]
[SourceVersionDate "2025.01.29"]
[SourceQuality "1"]

1. e4 c5 2. Nf3 d6 3. d4 cxd4 4. Nxd4 Nf6 5. Nc3 a6 6. Be3 e6 7. Be2 Be7 8. Qd2 b5 9. a3 Bb7 10. f3 Nbd7 11. 0-0-0 h5 12. Kb1 Rb8 13. h3 h4 14. Nb3 Nh5 15. Rhe1 Ng3 16. Bd3 0-0 17. f4 Nc5 18. e5 Nxb3 19. cxb3 dxe5 20. fxe5 b4 21. Ne2 bxa3 22. Nxg3 hxg3 23. bxa3 Bd5 24. Bc2 Qc7 25. Qd3 g6 26. Ka2 Rfc8 27. Re2 Qa5 28. Bc1 Rc3 29. Qd2 Rcxb3 30. Bxb3 Bxb3+ 31. Ka1 Bb4 32. Qd3 Bc3+ 33. Bb2 Qxa3+ 34. Kb1 Qa2+ 35. Kc1 Bxb2+ 36. Rxb2 Rc8+ 0-1

[Event "Florianopolis op 11th"]
[Site "Florianopolis"]
[Date "2025.01.22"]
[Round "6"]
[White "Deretti, Lucas Jurk"]
[Black "Belmonte, Adriel Leandro"]
[Result "0-1"]
[WhiteElo "1846"]
[BlackElo "2032"]
[PlyCount "72"]
[EventDate "2025.01.18"]
[EventType "swiss"]
[EventRounds "10"]
[EventCountry "BRA"]
[SourceTitle "CB05_2025"]
[SourceDate "2025.01.29"]
[SourceVersion "1"]
[SourceVersionDate "2025.01.29"]
[SourceQuality "1"]

1. e4 c6 2. c4 d6 3. d4 g6 4. Nc3 Bg7 5. Be3 Nd7 6. Nf3 Ngf6 7. h3 0-0 8. Be2 e5 9. 0-0 Qe7 10. d5 c5 11. Qc2 h6 12. Rae1 Nh5 13. Qd2 Kh7 14. Nh2 Nhf6 15. Ng4 Ng8 16. f4 f5 17. exf5 gxf5 18. Nh2 e4 19. g4 Ndf6 20. g5 Ne8 21. h4 Bd7 22. Bh5 Nc7 23. Kh1 Be8 24. Qe2 Bxh5 25. Qxh5 Qe8 26. Qe2 Ne7 27. Rg1 b5 28. Rd1 bxc4 29. gxh6 Bxh6 30. Bxc5 dxc5 31. d6 Ne6 32. dxe7 Qxe7 33. Nd5 Qxh4 34. Qxc4 Rad8 35. Qc3 Nd4 36. Rxd4 cxd4 0-1

[Event "Florianopolis op 11th"]
[Site "Florianopolis"]
[Date "2025.01.21"]
[Round "5"]
[White "Arosteguy, Vitor Augusto Colac"]
[Black "Deretti, Lucas Jurk"]
[Result "0-1"]
[WhiteElo "1613"]
[BlackElo "1846"]
[PlyCount "114"]
[EventDate "2025.01.18"]
[EventType "swiss"]
[EventRounds "10"]
[EventCountry "BRA"]
[SourceTitle "CB05_2025"]
[SourceDate "2025.01.29"]
[SourceVersion "1"]
[SourceVersionDate "2025.01.29"]
[SourceQuality "1"]

1. b3 d6 2. Bb2 e5 3. e3 Nf6 4. c4 g6 5. g3 Bg7 6. Bg2 0-0 7. Ne2 c6 8. d4 e4 9. Nd2 d5 10. Rc1 Bf5 11. cxd5 cxd5 12. b4 Qd7 13. a4 Na6 14. Qb3 Nc7 15. b5 Ne6 16. Ba3 Rfc8 17. 0-0 Bg4 18. Nc3 Ng5 19. f3 exf3 20. Nxf3 Bxf3 21. Bxf3 Qe6 22. Rce1 Nxf3+ 23. Rxf3 Ne4 24. Nxe4 Qxe4 25. Rf4 Qe6 26. Qb4 Rc2 27. Rf2 Rac8 28. Rxc2 Rxc2 29. Bc1 Bf8 30. Qb1 Qe4 31. Bd2 Rxd2 32. Qxe4 dxe4 33. Rc1 Ra2 34. Rc7 Rxa4 35. Rxb7 Bb4 36. d5 Bc5 37. Kg2 Bxe3 38. d6 Bc5 39. d7 Rd4 40. Kh3 e3 41. Kg2 e2 42. Rb8+ Kg7 43. Re8 Rxd7 44. Rxe2 Rd5 45. Rb2 Kf6 46. Kf3 Ke6 47. h4 h5 48. Kf4 Rd4+ 49. Kg5 Rg4+ 50. Kh6 Rxg3 51. Re2+ Re3 52. Rc2 Kf5 53. Kg7 Re4 54. Kxf7 Rxh4 55. Rd2 Rd4 56. Rf2+ Kg5 57. Rf1 Rf4+ 0-1

[Event "Wch U14"]
[Site "Florianopolis"]
[Date "2024.11.05"]
[Round "7"]
[White "Johansson, Emanuel"]
[Black "Deretti, Lucas Jurk"]
[Result "0-1"]
[WhiteElo "1538"]
[BlackElo "1839"]
[PlyCount "98"]
[EventDate "2024.10.29"]
[EventType "swiss"]
[EventRounds "11"]
[EventCountry "BRA"]
[SourceTitle "CB45_2024"]
[Source "ChessBase"]
[SourceDate "2024.11.06"]
[SourceVersion "1"]
[SourceVersionDate "2024.11.06"]
[SourceQuality "1"]

1. e4 c5 2. Nc3 Nc6 3. g3 g6 4. Bg2 Bg7 5. Nge2 d6 6. 0-0 e5 7. Nd5 Nge7 8. Nec3 Be6 9. d3 0-0 10. Bg5 h6 11. Bxe7 Nxe7 12. Nxe7+ Qxe7 13. Ne2 Rab8 14. c4 b5 15. Qc2 bxc4 16. dxc4 Rb4 17. b3 Rfb8 18. Rfd1 Bg4 19. f3 Bd7 20. Nc3 Bc6 21. Rd2 Bf8 22. Rad1 Qb7 23. Nd5 Bxd5 24. Rxd5 a5 25. f4 a4 26. fxe5 axb3 27. axb3 dxe5 28. Rd7 Qb6 29. Qf2 Qe6 30. Bh3 Qe8 31. Qf6 R4b6 32. Qf2 Rxb3 33. Rf1 R8b7 34. Rd2 Rc3 35. Qe2 Qa4 36. Qf2 Qxc4 37. Qf6 Rc1 38. Rdf2 Rxf1+ 39. Rxf1 Rb2 40. Bg2 Bg7 41. Qd8+ Kh7 42. Qc7 Qd4+ 43. Kh1 Rf2 44. Rc1 Qd2 45. Rg1 Qc2 46. Qd7 c4 47. Qh3 c3 48. Qd7 Qe2 49. Rd1 Rxg2 0-1

[Event "Recife JEBS op"]
[Site "Recife"]
[Date "2024.09.28"]
[Round "2"]
[White "Deretti, Lucas Jurk"]
[Black "Rodrigues, Arthur GA Dantas"]
[Result "1-0"]
[WhiteElo "1885"]
[BlackElo "1499"]
[PlyCount "105"]
[EventDate "2024.09.28"]
[EventType "swiss"]
[EventRounds "6"]
[EventCountry "BRA"]
[SourceTitle "EXT 2025"]
[Source "ChessBase"]
[SourceDate "2024.10.14"]
[SourceVersion "1"]
[SourceVersionDate "2024.10.14"]
[SourceQuality "1"]

1. e4 c5 2. Nf3 d6 3. d4 cxd4 4. Nxd4 Nf6 5. Nc3 e6 6. Be3 Be7 7. f3 a6 8. Qd2 Nc6 9. Be2 d5 10. exd5 Nxd5 11. Nxd5 Qxd5 12. Nxc6 bxc6 13. 0-0 0-0 14. Rfd1 Qxd2 15. Rxd2 e5 16. Bc4 Bf5 17. Rad1 Rfd8 18. c3 a5 19. Kf2 Rxd2+ 20. Rxd2 Rd8 21. Rxd8+ Bxd8 22. Bc5 g6 23. Bd6 Bb6+ 24. Ke2 e4 25. Be5 Kf8 26. Bf6 Ke8 27. g4 exf3+ 28. Kxf3 Bc2 29. a3 Bd1+ 30. Kf4 h5 31. gxh5 Bxh5 32. h4 Bc7+ 33. Kg5 Bf3 34. b4 Bb6 35. Kf4 Bg2 36. a4 c5 37. Bb5+ Kf8 38. bxa5 Bxa5 39. Ke3 Bd5 40. Kf4 Kg8 41. c4 Be6 42. Be7 Bc7+ 43. Ke4 Bb6 44. Ke5 Bc7+ 45. Bd6 Bd8 46. Bb8 Bg4 47. Bd6 f5 48. Bxc5 Bxh4 49. Kd6 Bg3+ 50. Kc6 Bf3+ 51. Kd7 Kf7 52. Bc6 Bxc6+ 53. Kxc6 1-0

[Event "Blumenau U2400 op"]
[Site "Blumenau"]
[Date "2024.08.31"]
[Round "3"]
[White "Waterkemper, Lucas Bauler"]
[Black "Deretti, Lucas Jurk"]
[Result "0-1"]
[WhiteElo "1553"]
[BlackElo "1885"]
[PlyCount "68"]
[EventDate "2024.08.30"]
[EventType "swiss"]
[EventRounds "6"]
[EventCountry "BRA"]
[SourceTitle "EXT 2025"]
[Source "ChessBase"]
[SourceDate "2024.10.14"]
[SourceVersion "1"]
[SourceVersionDate "2024.10.14"]
[SourceQuality "1"]

1. e4 c5 2. Nf3 g6 3. d4 cxd4 4. Nxd4 Nc6 5. Nxc6 bxc6 6. Bc4 Bg7 7. 0-0 h5 8. c3 Nf6 9. Re1 0-0 10. Bg5 Bb7 11. Nd2 d5 12. Bd3 Qc7 13. Bxf6 Bxf6 14. exd5 cxd5 15. Nb3 e5 16. f3 Rfe8 17. Qe2 Rad8 18. Qf2 Ba8 19. Qc5 Qxc5+ 20. Nxc5 Be7 21. Nb3 Bd6 22. Rac1 f5 23. c4 e4 24. Be2 d4 25. c5 Bf4 26. Rcd1 d3 27. Bxd3 exd3 28. Rxe8+ Rxe8 29. Rxd3 Bc6 30. Nd4 Rd8 31. g3 Rxd4 32. Ra3 Bb8 33. Rb3 Bc7 34. Ra3 a5 0-1

[Event "BRA-ch Amateurs U2000"]
[Site "Sao Paulo"]
[Date "2024.05.31"]
[Round "3"]
[White "Jurado, Laura Alves"]
[Black "Deretti, Lucas Jurk"]
[Result "0-1"]
[WhiteElo "1676"]
[BlackElo "1784"]
[PlyCount "116"]
[EventDate "2024.05.30"]
[EventType "swiss"]
[EventRounds "7"]
[EventCountry "BRA"]
[SourceTitle "CBM 220 Extra"]
[Source "ChessBase"]
[SourceDate "2024.07.31"]
[SourceVersion "1"]
[SourceVersionDate "2024.07.31"]
[SourceQuality "1"]

1. d4 Nf6 2. Bf4 c5 3. e3 Qb6 4. Nc3 d6 5. Nf3 g6 6. Bd3 Bg7 7. dxc5 Qxc5 8. 0-0 0-0 9. e4 Nc6 10. Nd2 Be6 11. h3 a6 12. Qe2 Qb6 13. Be3 Qc7 14. Nc4 b5 15. Nb6 Rab8 16. Nbd5 Bxd5 17. Nxd5 Nxd5 18. exd5 Ne5 19. c3 Nxd3 20. Qxd3 Qc4 21. Qd1 Bf6 22. Qb3 Rfc8 23. Rfc1 a5 24. Qa3 Ra8 25. Qb3 Rcb8 26. Bd2 a4 27. Qc2 Qxd5 28. b3 axb3 29. axb3 Rc8 30. Rxa8 Rxa8 31. c4 bxc4 32. bxc4 Qe5 33. c5 dxc5 34. Qxc5 Ra1 35. Qxe5 Bxe5 36. Rxa1 Bxa1 37. Bh6 Bg7 38. Bxg7 Kxg7 39. Kf1 f5 40. Ke2 e5 41. Ke3 Kf6 42. h4 h6 43. f3 f4+ 44. Kd3 Kf5 45. Kd2 e4 46. fxe4+ Kxe4 47. Ke2 g5 48. hxg5 hxg5 49. Kf2 g4 50. g3 f3 51. Kf1 f2 52. Kxf2 Kd3 53. Kf1 Ke3 54. Kg2 Ke2 55. Kg1 Kf3 56. Kh2 Kf2 57. Kh1 Kxg3 58. Kg1 Kf3 0-1

[Event "BRA-ch Amateurs U2000"]
[Site "Sao Paulo"]
[Date "2024.05.30"]
[Round "2"]
[White "Deretti, Lucas Jurk"]
[Black "Silveiro, Miguel Hedler"]
[Result "1-0"]
[WhiteElo "1784"]
[BlackElo "1707"]
[PlyCount "105"]
[EventDate "2024.05.30"]
[EventType "swiss"]
[EventRounds "7"]
[EventCountry "BRA"]
[SourceTitle "CBM 220 Extra"]
[Source "ChessBase"]
[SourceDate "2024.07.31"]
[SourceVersion "1"]
[SourceVersionDate "2024.07.31"]
[SourceQuality "1"]

1. e4 c6 2. d4 d5 3. e5 c5 4. Nf3 Nc6 5. dxc5 e6 6. a3 Bxc5 7. b4 Bb6 8. Bb2 Nh6 9. Bd3 0-0 10. 0-0 Bd7 11. Nbd2 a5 12. b5 Ne7 13. a4 Rc8 14. h3 Nhf5 15. Re1 Qc7 16. Nb3 Qb8 17. Qd2 Qa7 18. Rad1 Rc7 19. Nfd4 Nxd4 20. Nxd4 Rfc8 21. Re2 Ng6 22. Nf3 Bc5 23. Qg5 Be7 24. Qg3 Qc5 25. Bd4 Qb4 26. Ra1 Nh4 27. c3 Nxf3+ 28. Qxf3 Qb3 29. Ree1 Qb2 30. Qd1 Rxc3 31. Bxc3 Rxc3 32. Rc1 Bc5 33. Rc2 Rxc2 34. Qxc2 Qxc2 35. Bxc2 b6 36. Kf1 g6 37. Ke2 Kg7 38. Bd3 Bc8 39. f4 Bd7 40. g4 Bc8 41. Rf1 Bd4 42. Kf3 Bd7 43. Kg3 Bc8 44. h4 Bd7 45. Rc1 Bc5 46. f5 exf5 47. gxf5 gxf5 48. Kf4 Kg6 49. h5+ Kh6 50. Bxf5 Be6 51. Bxe6 fxe6 52. Rxc5 bxc5 53. b6 1-0

[Event "Florianopolis op 10th"]
[Site "Florianopolis"]
[Date "2024.01.28"]
[Round "10"]
[White "Takano, Nicholas Ryo"]
[Black "Deretti, Lucas Jurk"]
[Result "1-0"]
[WhiteElo "2172"]
[BlackElo "1548"]
[PlyCount "67"]
[EventDate "2024.01.20"]
[EventType "swiss"]
[EventRounds "10"]
[EventCountry "BRA"]
[SourceTitle "EXT 2025"]
[Source "ChessBase"]
[SourceDate "2024.10.14"]
[SourceVersion "1"]
[SourceVersionDate "2024.10.14"]
[SourceQuality "1"]

1. e4 c5 2. Nf3 d6 3. d4 cxd4 4. Nxd4 Nf6 5. Nc3 a6 6. Be3 e5 7. Nb3 Be6 8. f3 h5 9. Qd2 Nbd7 10. Nd5 Bxd5 11. exd5 g6 12. Be2 Bg7 13. Na5 Qc7 14. c4 b6 15. Nc6 Nb8 16. Nxb8 Rxb8 17. 0-0 0-0 18. Rac1 a5 19. a3 a4 20. Bd1 Nd7 21. Bxa4 Nc5 22. Bc2 f5 23. b4 Nd7 24. Bb1 f4 25. Bf2 g5 26. Qd3 Nf6 27. c5 bxc5 28. bxc5 dxc5 29. Rxc5 Qd6 30. Rc6 Qd7 31. Qg6 Rf7 32. Bf5 Qxd5 33. Rfc1 Re8 34. Rxf6 1-0

[Event "Florianopolis op 10th"]
[Site "Florianopolis"]
[Date "2024.01.22"]
[Round "4"]
[White "Deretti, Lucas Jurk"]
[Black "Leite, Lucas Bueno de Oliv"]
[Result "1-0"]
[WhiteElo "1548"]
[BlackElo "1227"]
[PlyCount "69"]
[EventDate "2024.01.20"]
[EventType "swiss"]
[EventRounds "10"]
[EventCountry "BRA"]
[SourceTitle "CBM 218 Extra"]
[Source "ChessBase"]
[SourceDate "2024.03.31"]
[SourceVersion "1"]
[SourceVersionDate "2024.03.31"]
[SourceQuality "1"]

1. e4 c6 2. Nf3 d5 3. Nc3 dxe4 4. Nxe4 Nf6 5. Nxf6+ exf6 6. Bc4 Bd6 7. Qe2+ Be7 8. 0-0 0-0 9. Re1 Bd6 10. h3 Bf5 11. d3 Nd7 12. Be3 Re8 13. Qd2 Qc7 14. Nd4 Bg6 15. f4 Rxe3 16. Qxe3 Bxf4 17. Qf3 Be5 18. Nf5 Qb6+ 19. Kh1 Kf8 20. Rab1 Bxb2 21. Ne7 Ne5 22. Nxg6+ hxg6 23. Rxe5 Qd4 24. Re4 Qc3 25. d4 Qxc2 26. Qd3 Qf2 27. Re2 Qf4 28. Rexb2 Rd8 29. Rxb7 Rxd4 30. Rxf7+ Ke8 31. Rb8+ Qxb8 32. Qxd4 Qb1+ 33. Qg1 Qc2 34. Qe1+ Kd8 35. Qe7+ 1-0

[Event "Catarinense-ch"]
[Site "Itajai"]
[Date "2023.11.25"]
[Round "4"]
[White "Deretti, Lucas Jurk"]
[Black "Albiero, Marco Antonio Batis"]
[Result "0-1"]
[WhiteElo "1550"]
[BlackElo "1623"]
[PlyCount "70"]
[EventDate "2023.11.24"]
[EventType "swiss"]
[EventRounds "6"]
[EventCountry "BRA"]
[SourceTitle "CBM 217 Extra"]
[Source "ChessBase"]
[SourceDate "2024.01.31"]
[SourceVersion "1"]
[SourceVersionDate "2024.01.31"]
[SourceQuality "1"]

1. e4 e5 2. Nf3 Nc6 3. Bc4 Bc5 4. c3 Nf6 5. d3 0-0 6. 0-0 d6 7. Re1 Ne7 8. Nbd2 Ng6 9. Nf1 c6 10. Bb3 Re8 11. Ng3 h6 12. h3 b5 13. Bc2 Bb6 14. a4 Be6 15. axb5 cxb5 16. d4 Rc8 17. Be3 Qc7 18. Bd3 Bd7 19. Qb3 Rb8 20. d5 a5 21. Qa2 a4 22. Bxb6 Qxb6 23. Qa3 Nf4 24. Bc2 Bxh3 25. gxh3 Nxh3+ 26. Kg2 Qxf2+ 27. Kxh3 Qxf3 28. Qxd6 Nh5 29. Rg1 Nf4+ 30. Kh2 Qg4 31. Qd7 Qxd7 32. Nf5 g6 33. Rg3 Kh7 34. Ne3 Rb6 35. Ng4 h5 0-1

[Event "Catarinense-ch"]
[Site "Itajai"]
[Date "2023.11.25"]
[Round "3"]
[White "Mariot Vaz, Joao Antonio Bertol"]
[Black "Deretti, Lucas Jurk"]
[Result "0-1"]
[WhiteElo "1773"]
[BlackElo "1550"]
[PlyCount "100"]
[EventDate "2023.11.24"]
[EventType "swiss"]
[EventRounds "6"]
[EventCountry "BRA"]
[SourceTitle "CBM 217 Extra"]
[Source "ChessBase"]
[SourceDate "2024.01.31"]
[SourceVersion "1"]
[SourceVersionDate "2024.01.31"]
[SourceQuality "1"]

1. e4 c5 2. Nf3 g6 3. d4 cxd4 4. Nxd4 Bg7 5. Nc3 Nc6 6. Be3 Nf6 7. Bc4 0-0 8. Bb3 d6 9. h3 Bd7 10. 0-0 a6 11. Re1 Qc7 12. f4 b5 13. Kh1 Na5 14. Bg1 Nc4 15. Qc1 Rac8 16. Nd5 Nxd5 17. exd5 Bf6 18. c3 Qb7 19. Re2 Qxd5 20. Qe1 Bxh3 21. Qg3 Bd7 22. Rae1 Qh5+ 23. Bh2 Bh4 24. Qd3 Bxe1 25. Rxe1 e6 26. Re2 Qd5 27. Qg3 Qh5 28. Bd1 Nxb2 29. Bc2 Nc4 30. Re1 Qc5 31. Bg1 Qc7 32. Nf3 Bc6 33. Bd4 Qe7 34. Ng5 e5 35. Qh4 f6 36. Nh3 Qg7 37. Bf2 Rce8 38. Bb3 Qb7 39. Re3 Bxg2+ 40. Kh2 Bxh3 41. Rxh3 Qg7 42. f5 g5 43. Qe4 Qf7 44. Bd1 d5 45. Qg2 Qd7 46. Bc5 e4 47. Rh6 Qc7+ 48. Qg3 Qxc5 49. Rxf6 Qe7 50. Qxg5+ Qg7 0-1

[Event "Catarinense-ch"]
[Site "Itajai"]
[Date "2023.11.24"]
[Round "1"]
[White "Rodrigues, Edgar"]
[Black "Deretti, Lucas Jurk"]
[Result "1-0"]
[WhiteElo "2250"]
[BlackElo "1550"]
[PlyCount "73"]
[EventDate "2023.11.24"]
[EventType "swiss"]
[EventRounds "6"]
[EventCountry "BRA"]
[SourceTitle "CBM 217 Extra"]
[Source "ChessBase"]
[SourceDate "2024.01.31"]
[SourceVersion "1"]
[SourceVersionDate "2024.01.31"]
[SourceQuality "1"]

1. e4 c5 2. Nf3 d6 3. d4 cxd4 4. Nxd4 Nf6 5. Nc3 a6 6. Qf3 e6 7. g4 Nbd7 8. g5 Ne5 9. Qh3 Nfd7 10. Be3 Be7 11. 0-0-0 Nb6 12. b3 Qc7 13. Nde2 Bd7 14. f4 Nc6 15. Rg1 0-0-0 16. Qg3 Be8 17. Qf2 Nd7 18. Kb1 Kb8 19. Rg3 Rc8 20. f5 Nce5 21. Nf4 Ka8 22. Na4 b5 23. fxe6 bxa4 24. exd7 Nxd7 25. Nd5 Qd8 26. Bb6 Nxb6 27. Nxb6+ Kb7 28. Nxc8 Qxc8 29. Qd4 Rg8 30. Qb4+ Ka7 31. Rc3 Qb7 32. Qd4+ Ka8 33. Bc4 Bc6 34. Bxf7 Rb8 35. Rxc6 Bxg5 36. Bd5 Bf6 37. Rxa6# 1-0

[Event "Florianopolis op 9th"]
[Site "Florianopolis"]
[Date "2023.01.27"]
[Round "7"]
[White "Bisesar, Maycon da Costa"]
[Black "Deretti, Lucas Jurk"]
[Result "1/2-1/2"]
[WhiteElo "1760"]
[BlackElo "1392"]
[PlyCount "61"]
[EventDate "2023.01.23"]
[EventType "swiss"]
[EventRounds "10"]
[EventCountry "BRA"]
[SourceTitle "CBM 212 Extra"]
[Source "ChessBase"]
[SourceDate "2023.03.31"]
[SourceVersion "1"]
[SourceVersionDate "2023.03.31"]
[SourceQuality "1"]

1. d4 Nf6 2. Nc3 d5 3. Bf4 e6 4. e3 a6 5. g4 Bb4 6. a3 Bxc3+ 7. bxc3 Ne4 8. c4 Qh4 9. Bg3 Nxg3 10. fxg3 Qh6 11. Qf3 Nd7 12. Qf4 Qxf4 13. gxf4 Nf6 14. h3 Bd7 15. a4 Ke7 16. Bg2 b5 17. g5 Ne4 18. Bxe4 dxe4 19. Ne2 bxc4 20. Kd2 Rab8 21. Nc3 Rb2 22. Rhb1 Rxb1 23. Rxb1 Bc8 24. Rb4 Kd6 25. Rxc4 h6 26. h4 hxg5 27. hxg5 Rh2+ 28. Kc1 Rh1+ 29. Kd2 Rh2+ 30. Kc1 Rh1+ 31. Kd2 1/2-1/2

[Event "Florianopolis op 9th"]
[Site "Florianopolis"]
[Date "2023.01.26"]
[Round "6"]
[White "Deretti, Lucas Jurk"]
[Black "Souza, Atahander"]
[Result "0-1"]
[WhiteElo "1392"]
[BlackElo "1882"]
[PlyCount "128"]
[EventDate "2023.01.23"]
[EventType "swiss"]
[EventRounds "10"]
[EventCountry "BRA"]
[SourceTitle "CBM 212 Extra"]
[Source "ChessBase"]
[SourceDate "2023.03.31"]
[SourceVersion "1"]
[SourceVersionDate "2023.03.31"]
[SourceQuality "1"]

1. e4 d5 2. exd5 Nf6 3. Bb5+ c6 4. dxc6 bxc6 5. Be2 Qd6 6. Nf3 Bg4 7. 0-0 Nbd7 8. h3 h5 9. d4 e6 10. Be3 Be7 11. Nbd2 Qb8 12. Nc4 Bf5 13. Qc1 Nd5 14. Bd2 c5 15. Nce5 Nxe5 16. dxe5 Nb4 17. Bd1 Qc7 18. a3 Nc6 19. Bf4 Rb8 20. c3 Be4 21. Re1 Bd5 22. c4 Bxf3 23. Bxf3 Nd4 24. Bd1 0-0 25. Bc2 Rb6 26. b3 Rfb8 27. Rb1 Nxb3 28. Bxb3 Rxb3 29. Rxb3 Rxb3 30. Qd1 Qa5 31. Re4 Qb6 32. Qd7 Rxa3 33. Qe8+ Bf8 34. Re1 Qa5 35. Re2 Qa4 36. Qxa4 Rxa4 37. Rc2 Ra1+ 38. Rc1 Ra2 39. Be3 Be7 40. Kf1 Kf8 41. Rb1 f6 42. exf6 gxf6 43. Rb8+ Kf7 44. Rh8 Ra4 45. Rxh5 Rxc4 46. Rh7+ Ke8 47. Rh8+ Kd7 48. Ra8 Ra4 49. Ke2 f5 50. Rb8 f4 51. Bd2 Ra2 52. Kd1 e5 53. g3 fxg3 54. fxg3 Ra3 55. Rg8 c4 56. h4 c3 57. Bc1 Ra2 58. h5 Rh2 59. h6 c2+ 60. Ke1 Bb4+ 61. Kf1 Rh1+ 62. Kg2 Rxc1 63. Rg7+ Be7 64. h7 Rh1 0-1

[Event "Florianopolis op 9th"]
[Site "Florianopolis"]
[Date "2023.01.24"]
[Round "2"]
[White "Deretti, Lucas Jurk"]
[Black "Japiassu, Ricardo de Villa No"]
[Result "0-1"]
[WhiteElo "1392"]
[BlackElo "1964"]
[PlyCount "85"]
[EventDate "2023.01.23"]
[EventType "swiss"]
[EventRounds "10"]
[EventCountry "BRA"]
[SourceTitle "CBM 212 Extra"]
[Source "ChessBase"]
[SourceDate "2023.03.31"]
[SourceVersion "1"]
[SourceVersionDate "2023.03.31"]
[SourceQuality "1"]

1. e4 c5 2. Nf3 d6 3. d4 cxd4 4. Nxd4 Nf6 5. Nc3 g6 6. Be3 Bg7 7. f3 0-0 8. Qd2 Nc6 9. Bc4 Bd7 10. 0-0 Rc8 11. Bb3 Na5 12. Rfd1 Nc4 13. Bxc4 Rxc4 14. Nb3 Qb8 15. Ne2 Rfc8 16. c3 b5 17. Rac1 Ra4 18. a3 Bc6 19. Nbd4 Ba8 20. Ng3 e5 21. Nc2 d5 22. b3 Ra6 23. Nb4 Rd6 24. exd5 a5 25. Nd3 Rxd5 26. c4 bxc4 27. bxc4 Rdd8 28. Qxa5 e4 29. fxe4 Nxe4 30. Nxe4 Bxe4 31. Nc5 Bc6 32. Na6 Qa8 33. Bb6 Rxd1+ 34. Rxd1 Bxg2 35. Rd2 Bf3 36. Kf2 Bh1 37. Kg1 Re8 38. Qc5 Qe4 39. Rf2 Qg4+ 40. Kxh1 Re1+ 41. Rf1 Rxf1+ 42. Qg1 Rxg1+ 43. Bxg1 0-1

[Event "Florianopolis op 8th"]
[Site "Florianopolis"]
[Date "2022.01.27"]
[Round "5"]
[White "Mayara Sibowicz, Giovanna"]
[Black "Deretti, Lucas Jurk"]
[Result "1-0"]
[WhiteElo "1589"]
[BlackElo "1160"]
[PlyCount "77"]
[EventDate "2022.01.24"]
[EventType "swiss"]
[EventRounds "10"]
[EventCountry "BRA"]
[SourceTitle "EXT 2023"]
[Source "ChessBase"]
[SourceDate "2022.10.05"]
[SourceVersion "1"]
[SourceVersionDate "2022.10.05"]
[SourceQuality "1"]

1. e4 c5 2. Nf3 g6 3. Bc4 Bg7 4. 0-0 Nc6 5. Re1 e6 6. Nc3 Nge7 7. d3 a6 8. a3 b5 9. Ba2 0-0 10. Ne2 Bb7 11. c3 d5 12. exd5 Nxd5 13. d4 c4 14. Ng3 Re8 15. Ne4 Bf8 16. Bg5 Qc7 17. Qd2 f5 18. Nf6+ Nxf6 19. Bxf6 Bg7 20. Bxg7 Kxg7 21. Re2 e5 22. dxe5 Rad8 23. Qf4 Ne7 24. Nd4 Nd5 25. Qg3 f4 26. Qg5 h6 27. Nf5+ Kh7 28. Qxh6+ Kg8 29. Qxg6+ Kh8 30. Qh5+ Qh7 31. Qxh7+ Kxh7 32. Rae1 Rg8 33. Bb1 Kh8 34. g3 fxg3 35. hxg3 Rg5 36. Nd6 Rxd6 37. exd6 Rh5 38. Be4 Kg8 39. Bg2 1-0